|
|
|
|
| LEADER |
00000nam0a2200000 4500 |
| 001 |
260785 |
| 005 |
20231031221305.0 |
| 010 |
|
|
|a 5120001262
|
| 035 |
|
|
|a (RuTPU)RU\TPU\book\283755
|
| 090 |
|
|
|a 260785
|
| 100 |
|
|
|a 20140519d1988 k y0rusy50 ca
|
| 101 |
0 |
|
|a rus
|
| 102 |
|
|
|a UA
|
| 105 |
|
|
|a y z 001zy
|
| 200 |
1 |
|
|a Становление основ социалистического уклада жизни крестьянства УССР
|f С. В. Кульчицкий, С. Р. Лях, В. И. Марочко
|g Академия наук Украинской ССР (АН УССР), Институт истории
|
| 210 |
|
|
|a Киев
|c Научная книга
|d 1988
|
| 215 |
|
|
|a 180 с.
|
| 333 |
|
|
|a Исключено из фонда НТБ ТПУ
|
| 700 |
|
1 |
|a Кульчицкий
|b С. В.
|g Станислав Владиславович
|
| 701 |
|
1 |
|a Лях
|b С. Р.
|g Сергей Романович
|
| 701 |
|
1 |
|a Марочко
|b В. И.
|g Василий Иванович
|
| 712 |
0 |
2 |
|a Академия наук Украинской ССР (АН УССР)
|b Институт истории
|c (Киев)
|
| 801 |
|
1 |
|a RU
|b 63413507
|c 20140519
|
| 801 |
|
2 |
|a RU
|b 63413507
|c 20220314
|g RCR
|
| 942 |
|
|
|c BK
|